[Event "Pornic op"]
[Site "Pornic"]
[Date "2009.08.??"]
[Round "4"]
[White "Stephan, Victor"]
[Black "Cargoet, Thibaud"]
[Result "1-0"]
[WhiteElo "2198"]
[BlackElo "1679"]
[PlyCount "91"]
[EventDate "2009.08.??"]
[EventType "swiss"]
[EventRounds "6"]
[EventCountry "FRA"]
[SourceTitle "EXT 2010"]
[Source "ChessBase"]
[SourceDate "2010.11.25"]
[SourceVersion "1"]
[SourceVersionDate "2010.11.25"]
[SourceQuality "1"]

1. d4 d5 2. c4 e6 3. Nc3 Nf6 4. cxd5 exd5 5. Bg5 Nbd7 6. e3 Be7 7. Bd3 0-0 8. Qc2 h6 9. Bh4 b6 10. Nge2 Bb7 11. f3 c5 12. 0-0 Re8 13. Rae1 Rc8 14. Kh1 a6 15. Qd2 Nh7 16. Bf2 Bg5 17. Bg1 b5 18. dxc5 Nxc5 19. Bf5 Rc7 20. Rd1 Rce7 21. f4 Bf6 22. Nxd5 Bxd5 23. Qxd5 Qxd5 24. Rxd5 Ne4 25. b3 g6 26. Bxe4 Rxe4 27. Ng3 R4e7 28. Rc1 Nf8 29. Rc6 Re6 30. Rdd6 Rxd6 31. Rxd6 Re6 32. Rxe6 Nxe6 33. Ne4 Kg7 34. g4 Be7 35. Kg2 Nc5 36. Nxc5 Bxc5 37. e4 Bxg1 38. Kxg1 Kf6 39. Kf2 g5 40. Kg3 Ke6 41. a3 a5 42. b4 axb4 43. axb4 Kd6 44. h4 f6 45. e5+ fxe5 46. fxg5 1-0